000 00314nam a2200145Ia 4500
100 _aExperienced Professor
942 _cBK
654 _aMechanics
245 _aApplied Mechanics ( Solved )
260 _bV.B.DPub.
_aNagpur
_c1989
082 _a621
_bV B D
300 _a193
546 _aENGLISH
999 _c28355
_d28355